رياضيات الألمبياد نظرية الأعداد : (رقم التسجيلة. 30563)
[ عرض عادي ]
| 000 -الفاتح | |
|---|---|
| حقل البيانات ثابتة الطول | 00871nam a22002057a 4500 |
| 005 - وقت وتاريخ اخر تعامل مع التسجيلة | |
| رقم الضبط | 20150408114138.0 |
| 008 - عناصر البيانات ثابتة الطول - معلومات عامة | |
| حقل البيانات ثابتة الطول | 130820s 2011ksaa | |||| 00| 0 ara d |
| 040 ## - مصدر الفهرسة | |
| وكالة الفهرسة الأصلية | ma-un |
| 082 ## - رقم تصنيف ديوى العشرى | |
| رقم الطبعة | 21 |
| رقم التصنيف | 510 |
| رقم المادة | س ع ر |
| 100 ## - المدخل الرئيسى - إسم شخصى | |
| الإسم الشخصى | سمحان ، معرف عبدالرحمن |
| 9 (RLIN) | 36674 |
| 245 ## - بيان العنوان | |
| العنوان | رياضيات الألمبياد نظرية الأعداد : |
| بقية العنوان | الجزء الأول / |
| بيان المسئوليه,etc | معروف عبدالرحمن سمحان ، دورين أندريكا ، فوزي أحمد الذكير |
| 260 ## - PUBLICATION, DISTRIBUTION, ETC. (IMPRINT) | |
| مكان الناشر او الموزع | الرياض : |
| اسم الناشر او الموزع | دار الخريجي ؛ |
| تاريخ النشر أو التوزيع | 2011 |
| 300 ## - الوصف المادى | |
| التعداد | 400 ص : |
| تفاصيل ماديه اخرى للوعاء | ايض ؛ |
| أبعاد الوعاء | 24 سم |
| 650 ## - المدخل الاضافى بالموضوع-مصطلح موضوعى | |
| 9 (RLIN) | 1818 |
| مصطلح موضوعي أو اسم جغرافي كعنصر مدخل | الأعداد (نظرية) |
| 650 ## - المدخل الاضافى بالموضوع-مصطلح موضوعى | |
| 9 (RLIN) | 17478 |
| مصطلح موضوعي أو اسم جغرافي كعنصر مدخل | الأعداد الجبرية |
| 650 ## - المدخل الاضافى بالموضوع-مصطلح موضوعى | |
| 9 (RLIN) | 1837 |
| مصطلح موضوعي أو اسم جغرافي كعنصر مدخل | المعادلات الرياضية |
| 700 ## - المدخل الاضافى - اسم شخصى | |
| الإسم الشخصى | أندريكا ، دورين |
| 9 (RLIN) | 36675 |
| 700 ## - المدخل الاضافى - اسم شخصى | |
| الإسم الشخصى | الذكير ، فوزي أحمد |
| 9 (RLIN) | 36676 |
| 942 ## - عناصر المدخل الإضافي( كوها) | |
| مصدر التصنيف او مخطط الترفيف | Dewey Decimal Classification |
| Koha [default] item type | كتاب |
| حالة الفقد | نموذج السعر الفعال | حالة تلف | ليس للاعارة | رقم الطلب | تاريخ الاكتساب | الموقع الحالي | الباركود | الفرع الرئيسي | Date last seen | نوع المادة فى نظام كوها | مصدر التصنيف او خطة الترفيف | Total Checkouts |
|---|---|---|---|---|---|---|---|---|---|---|---|---|
| 2013-08-20 | 510 س ع ر | 2013-08-20 | المكتبة المركزية بالمجمعة (CL) | 00500943 | المكتبة المركزية بالمجمعة (CL) | 2013-08-20 | كتاب | Dewey Decimal Classification | ||||
| 2013-08-20 | 510 س ع ر | 2013-08-20 | المكتبة المركزية بالمجمعة (CL) | 00500944 | المكتبة المركزية بالمجمعة (CL) | 2013-08-20 | كتاب | Dewey Decimal Classification |
